000 00751nam a2200241Ia 4500
003 OSt
005 20221006170012.0
006 a|||||r|||| 00| 0
007 ta
008 221006b |||||||| |||| 00| 0 hin d
024 _a7,489
037 _cDissertations
040 _aFML
_cFML
_bhin
041 _2hin
_ahin
100 _aRanjit Kumar Singh Au.
_9680907
110 _aDelhi University. Faculty of Music and Fine Arts. Department of Music
245 0 _aSwatantrata Ke Paschaat Gayan Ke Keshetra Main Pramukh Kalakaro Ki Den
260 _c2003
300 _a108
_ccm.
700 _aDelhi University. Faculty of Music and Fine Arts. Department of Music
942 _cDIS
_2CC
999 _c1122701
_d1122701